| 000 | 00994cam a2200277 a 4500 | ||
|---|---|---|---|
| 005 | 20260322212024.0 | ||
| 008 | data | ||
| 010 | _a 2006287667 | ||
| 020 | _a9780060780944 (pbk.) | ||
| 020 | _a0060780940 (pbk.) | ||
| 040 |
_aBKL _cBKL _dDLC _dYDXCP _dOCLCQ _dDLC |
||
| 042 | _alccopycat | ||
| 050 | 0 | 0 |
_aPN6710 _b.M3325 2006 |
| 092 | _a741.51 M3325 2006 | ||
| 100 | 1 |
_aMcCloud, Scott, _d1960- |
|
| 245 | 1 | 0 |
_aMaking comics : _bstorytelling secrets of comics, manga and graphic novels / _cScott McCloud. |
| 250 | _a1st ed. | ||
| 260 |
_aNew York : _bHarper, _cc2006. |
||
| 300 |
_a264 p. : _bill. ; _c26 cm. |
||
| 504 | _aIncludes bibliographical references (p. 256-257) and index. | ||
| 650 | 0 |
_aComic books, strips, etc. _xAuthorship. |
|
| 906 |
_a7 _bcbc _ccopycat _d2 _encip _f20 _gy-gencatlg |
||
| 925 | 0 |
_aacquire _b2 shelf copies _xpolicy default |
|
| 955 |
_dlg14 2007-02-21 _elg14 2007-02-21 to Dewey |
||
| 001 | data | ||
| 999 |
_c536 _d536 |
||